Latex protein allergy (Record no. 62063)

MARC details
000 -LEADER
fixed length control field 00401nam a2200145Ia 4500
100 ## - MAIN ENTRY--AUTHOR NAME
Personal name Kurup M R
245 #0 - TITLE STATEMENT
Title Latex protein allergy
260 ## - PUBLICATION, DISTRIBUTION, ETC. (IMPRINT)
Name of publisher National Seminar on Advances in Polymer Technology, Cochin, 1996; p147-150
650 ## - SUBJECT ADDED ENTRY--TOPICAL TERM
Topical Term Latex allergens
700 ## - ADDED ENTRY--PERSONAL NAME
Personal name Gupta S K
700 ## - ADDED ENTRY--PERSONAL NAME
Personal name Krishnakumar K
700 ## - ADDED ENTRY--PERSONAL NAME
Personal name Reshmi N Nath
942 ## - ADDED ENTRY ELEMENTS (KOHA)
Koha item type Journals
Holdings
Withdrawn status Lost status Damaged status Not for loan Home library Current library Shelving location Date acquired Koha item type
      Journals RRII Library RRII Library Rubber chemistry 17/12/2021 Journals